| 000 | 01661nab a22002657a 4500 | ||
|---|---|---|---|
| 999 |
_c5650 _d5650 |
||
| 003 | OSt | ||
| 005 | 20251224122007.0 | ||
| 008 | 190603e xxum|||| |||| 00| 0 spa d | ||
| 040 | _cPJ | ||
| 100 |
_93609 _aGasparini, Juan Andrés |
||
| 245 | 1 | 0 |
_aDel daño injustamente sufrido al daño injustamente agravado / _cJuan Andrés Gasparini, Facundo Peralta Mariscal. |
| 260 |
_cCiudad Autónoma de Buenos Aires : _aThomson Reuters La Ley, _b2025. |
||
| 300 | _ap. 183 | ||
| 500 | _aCita: TR LALEY AR/DOC/1046/2025 Publicado en: RCCyC 2025 (junio). | ||
| 505 | _aSumario: I. Introito.— II. Responsabilidad civil en su función resarcitoria. El derecho de daños y su evolución: desde la deuda de responsabilidad al crédito a la indemnización.— III. El principio de la reparación plena como derecho de rango constitucional en la jurisprudencia de la Corte Suprema de Justicia de la Nación.— IV. Del daño injustamente sufrido al daño injustamente agravado. Función preventiva de la responsabilidad civil y su vinculación con los principios generales que orientan la cultura jurídica: buena fe y ejercicio abusivo del derecho.— V. Colofón. | ||
| 505 | _t¿Te interesa el texto completo? Solicitalo al correo: koha@justierradelfuego.gov.ar | ||
| 650 | 0 |
_91497 _aCODIGO CIVIL Y COMERCIAL |
|
| 650 | 0 |
_91467 _aRESPONSABILIDAD CIVIL |
|
| 650 | 0 |
_93331 _aDAÑO |
|
| 650 | 0 |
_93332 _aDAÑO RESARCIBLE |
|
| 650 | 0 |
_94707 _aBUENA FE |
|
| 700 |
_96614 _aPeralta Mariscal, Facundo |
||
| 773 | 0 |
_02713 _93170 _dCiudad Autónoma de Buenos Aires : Thomson Reuters La Ley, 2015- _tRevista Código Civil y Comercial. Nº 3 - Junio 2025 |
|
| 942 |
_2udc _cANA |
||